00500nam a2200109Ia 4500008004100000050002400041100003000065245015100095260008600246300002800332521003000360140724s9999 xx 000 0 und d aHD 9565b.F363 2013 aFernandez, Anna Czarinna. aEffectiveness of the training and development programs of Philippine National Bank - Special Asset Management Group /cAnna Czarinna M. Fernandez. aLas Piñas, Philippines :bSouthville International School and Colleges,cc2013. a79 p. :bill. ;c28 cm. aHuman Resource Management